000 00190nam a2200073Ia 4500
008 170817s9999 xx 000 0 und d
100 _aMohanty.Jagannath
245 0 _aDynamics Of Teacher Education
260 _bNeel Kamal Pub
999 _c38246
_d38246